|
|
|
|
| LEADER |
00988nab a2200265 i 4500 |
| 001 |
publ33674 |
| 005 |
20250528114853.0 |
| 008 |
250528s1980 hu o 000 eng d |
| 022 |
|
|
|a 0301-472X
|
| 024 |
7 |
|
|a 105910
|2 mtmt
|
| 040 |
|
|
|a SZTE Publicatio Repozitórium
|b hun
|
| 041 |
|
|
|a eng
|
| 100 |
1 |
|
|a Dobozy Attila
|
| 245 |
1 |
2 |
|a A comparative study of the shedding process of mouse erythrocyte binding receptors on peripheral blood lymphocytes from healthy donors and patients suffering from chronic lymphocytic leukemia
|h [elektronikus dokumentum] /
|c Dobozy Attila
|
| 260 |
|
|
|c 1980
|
| 300 |
|
|
|a 690-693
|
| 490 |
0 |
|
|a EXPERIMENTAL HEMATOLOGY
|v 8 No. 6
|
| 650 |
|
4 |
|a Biológiai tudományok
|
| 650 |
|
4 |
|a Általános orvostudomány
|
| 650 |
|
4 |
|a Klinikai orvostan
|
| 700 |
0 |
1 |
|a Hunyadi János
|e aut
|
| 700 |
0 |
1 |
|a Krizsa F.
|e aut
|
| 700 |
0 |
1 |
|a Kenderessy Anna Sz.
|e aut
|
| 700 |
0 |
1 |
|a Simon N.
|e aut
|
| 856 |
4 |
0 |
|u http://publicatio.bibl.u-szeged.hu/33674/1/aok_klny_152_80.pdf
|z Dokumentum-elérés
|